Создание и применение процессов и аппаратов улавливания целевых продуктов в производстве технического углерода: автореферат диссертации на соискание ученой степени доктора технических наук; спец. 05.17.08

Dades bibliogràfiques
Autor principal: Шопин В. М. Виктор Михайлович
Autor corporatiu: Российская академия наук (РАН) Сибирское отделение (СО) Институт проблем переработки углеводородов (Омск) (2004- )
Altres autors: Мозговой И. В. Иван Васильевич (научный консультант)
Sumari:Защита сост. 20.01.2015 г.
Idioma:rus
Publicat: Томск, [Б. и.], 2014
Matèries:
Format: Llibre
KOHA link:https://koha.lib.tpu.ru/cgi-bin/koha/opac-detail.pl?biblionumber=282108

MARC

LEADER 00000nam0a2200000 4500
001 282108
005 20231101235452.0
035 |a (RuTPU)RU\TPU\book\305981 
035 |a RU\TPU\book\305980 
090 |a 282108 
100 |a 20150128d2015 k y0rusy50 ca 
101 0 |a rus 
102 |a RU 
105 |a a dm 001zy 
200 1 |a Создание и применение процессов и аппаратов улавливания целевых продуктов в производстве технического углерода  |e автореферат диссертации на соискание ученой степени доктора технических наук  |e спец. 05.17.08  |f В. М. Шопин  |g Российская академия наук (РАН), Сибирское отделение (СО), Институт проблем переработки углеводородов, (Омск), (2004- ) ; науч. конс. И. В. Мозговой 
210 |a Томск  |c [Б. и.]  |d 2014 
215 |a 43 с.  |c ил. 
300 |a Защита сост. 20.01.2015 г. 
320 |a Библиогр.: с. 39-43 (60 назв.). 
452 1 |0 (RuTPU)RU\TPU\book\295882  |t Создание и применение процессов и аппаратов улавливания целевых продуктов в производстве технического углерода  |o автореферат диссертации на соискание ученой степени доктора технических наук  |o спец. 05.17.08  |f В. М. Шопин  |g Российская академия наук (РАН), Сибирское отделение (СО), Институт проблем переработки углеводородов, (Омск), (2004- ) ; науч. конс. И. В. Мозговой  |c Томск  |d 2014  |a Шопин, Виктор Михайлович 
606 1 |a Углерод технический  |2 stltpush  |3 (RuTPU)RU\TPU\subj\32347  |9 54924 
610 1 |a производство 
610 1 |a аэрозольные потоки 
610 1 |a целевые продукты 
610 1 |a осаждение 
610 1 |a углеводороды 
610 1 |a улавливание 
610 1 |a дисперсный углерод 
610 1 |a аэрозоли 
610 1 |a фильтрование 
610 1 |a стеклотканевые рукавные фильтры 
610 1 |a пористые углеродные гранулы 
610 1 |a паровоздушные среды 
610 1 |a промышленные процессы 
610 1 |a аппараты 
610 1 |a установки 
610 1 |a промышленные испытания 
610 1 |a авторефераты диссертаций 
675 |a 661.666.4(04)  |v 3 
686 |a 05.17.08  |2 oksvnk 
700 1 |a Шопин  |b В. М.  |g Виктор Михайлович 
702 1 |a Мозговой  |b И. В.  |g Иван Васильевич  |4 695 
712 0 2 |a Российская академия наук (РАН)  |b Сибирское отделение (СО)  |b Институт проблем переработки углеводородов  |b (Омск)  |b (2004- )  |2 stltpush  |3 (RuTPU)RU\TPU\col\17953 
801 1 |a RU  |b 63413507  |c 20150128 
801 2 |a RU  |b 63413507  |c 20150607  |g RCR 
942 |c BK